000 01940cam a2200541 4500
001
008 090401t1991 xxu||||| |||| 00| 0 eng d
020 _a1874059012
035 _a(Sirsi) u62511
041 _aeng
050 _a333.70285
_c18
110 _aMidlands Regional Research Laboratory
_91593
245 _aHow do I know what data I`ve got!
_ba symposium on approaches to the handling of spatial metadata
260 _aLondon
_bAGI
_c1991
300 _a58p.
_c30cm.
350 _a0
490 _aAGI Education, Training and Research Committee Publication
505 _aIntroduction : the problem
505 _aMetadata cataloguing standards
505 _aData auditing
505 _aBuilding a data dictionary
505 _aAccess and security issues
505 _aUser oriented enquiry facilities
505 _aA menu aided retrieval system (MARS) for use in accessing geo-spatial data in a relational database management system
505 _aThe NEXPRI information databank: a meta-information system on GIS activities in the Netherlands
505 _aMeta-information systems at the National Land Survey of Sweden
505 _aThe MRRL`s information retrieval and access system, MIRAS
520 _aPapers presented at the symposium held at University of Technology, Loughborough 13 December 1990.
690 _aMAPPING AND MEASUREMENT
700 _aMedyckyj-Scott, David
_xEditor
700 _aLillywhite, J. Dawson
700 _aBurnhill, P.
700 _aCornelius, S.
700 _aNewman, I. A
700 _aBlakemore, M.
700 _aMedyckyj-Scott, D.
700 _aRobson, P.
700 _aAdlam, K. McL.
700 _aOtten, H.
700 _aAndee, R.
700 _aAkervall, L.
700 _aDegerstedt, K.
700 _aRystedt, Bengt.
700 _aRuggles, C.
710 _aAssociation for Geographic Information
_9166
942 _n0
948 _c04/03/1997
999 _c94429
_d94429